Diseño y fabricación de una maquina Control Numérico Computarizado (CNC), ROUTER de 3 ejes para el taller de Máquinas Herramientas de la Facultad Tecnología de la Industria en la Universidad Nacional de Ingeniera (UNI-RUPAP)
Las máquinas de control numérico o CNC son el alma de la manufactura a gran escala por lo tanto se ha decidido hacer un esfuerzo en entender la tecnología con el fin de facilitar la comprensión de cómo y cuándo se deben utilizar, además de que nos planteamos una metodología de diseño mecán...
| Main Authors: | , |
|---|---|
| Other Authors: | |
| Format: | Tesis Section = Libro |
| Language: | Undetermined Spanish |
| Published: |
Managua
UNI
2019
|
| Subjects: |
| LEADER | 01650nam a2200241Ia 4500 | ||
|---|---|---|---|
| 008 | 240830s9999 xx 000 0 und d | ||
| 040 | |a BIBLIOTECA-RUPAP Mon 621. 9023 C579 | ||
| 041 | |a spa | ||
| 082 | |a Mon 621. 9023 C579 | ||
| 100 | 1 | |a Cisneros Rizo, Ariel Enoc | |
| 100 | 1 | |b Valverde Ramírez, Richard José | |
| 245 | 1 | 0 | |a Diseño y fabricación de una maquina Control Numérico Computarizado (CNC), ROUTER de 3 ejes para el taller de Máquinas Herramientas de la Facultad Tecnología de la Industria en la Universidad Nacional de Ingeniera (UNI-RUPAP) |
| 260 | |a Managua |b UNI |c 2019 | ||
| 300 | |a 179 p. | ||
| 500 | |a Contiene: anexos y CD. | ||
| 502 | |a Tesis (Ingeniero Mecánico)- UNI, 2019. | ||
| 520 | 3 | |a Las máquinas de control numérico o CNC son el alma de la manufactura a gran escala por lo tanto se ha decidido hacer un esfuerzo en entender la tecnología con el fin de facilitar la comprensión de cómo y cuándo se deben utilizar, además de que nos planteamos una metodología de diseño mecánico la cual hemos ido refinando a lo largo de los proyectos en los que hemos trabajado dejando en esta investigación nuestras conclusiones de cómo se debe elaborar un producto en este caso un CNC , No esta de más decir que se ha tratado de utilizar lo ultimo en tendencias de diseño y que nuestro proyecto es open hardware el cual tiene como objetivo beneficiar a la mayor cantidad de gente directa o indirectamente. | |
| 650 | 7 | |a MAQUINAS HERRAMIENTAS-CONTROL NUMERICO | |
| 650 | 7 | |b DISEÑO MECANICO | |
| 700 | 1 | |a Tutor: |b Gutiérrez Mendoza, Mary Triny | |
| 942 | |c BK |2 ddc | ||
| 991 | |a TESIS | ||
| 999 | |c 15704 | ||